Normal view
MARC view
- Saints
Entry Topical Term
001 - CONTROL NUMBER
- control field: 119675
003 - CONTROL NUMBER IDENTIFIER
- control field: NUST
005 - DATE AND TIME OF LATEST TRANSACTION
- control field: 20231212123512.0
008 - FIXED-LENGTH DATA ELEMENTS
- fixed length control field: 231212|| aca||aabn | a|a d
040 ## - CATALOGING SOURCE
- Original cataloging agency: NUST
- Transcribing agency: NUST
150 ## - HEADING--TOPICAL TERM
- Topical term or geographic name entry element: Saints
670 ## - SOURCE DATA FOUND
- Source citation: Work cat.: (NUST)606813: Nazar-e- Aqidat Bahazoor Ghous ul Azam (R.A):, 2007.
